Componentes del crecimiento y redistribución de la población mexicana (Registro nro. 26776)
[ vista simple ]
| 000 -LEADER | |
|---|---|
| fixed length control field | 00368 a2200109 4500 |
| 001 - CONTROL NUMBER | |
| control field | ART_13808 |
| 005 - DATE AND TIME OF LATEST TRANSACTION | |
| control field | 20260410161910.0 |
| 008 - FIXED-LENGTH DATA ELEMENTS--GENERAL INFORMATION | |
| fixed length control field | 260409a |
| 100 1# - MAIN ENTRY--PERSONAL NAME | |
| Personal name | Winnie, William W. |
| 245 10 - TITLE STATEMENT | |
| Title | Componentes del crecimiento y redistribución de la población mexicana |
| 773 0# - HOST ITEM ENTRY | |
| Title | Demografía y economía |
| Related parts | - Vol. XV, Nº 47 (jul./sep. 1981) |
| Record control number | REV13200 |
No hay ítems disponibles.